| 000 | 00522nam a2200181Ia 4500 | ||
|---|---|---|---|
| 008 | 090123s9999 xx 000 0 und d | ||
| 082 | _b37493 | ||
| 100 | _aपोटे सतेज | ||
| 245 | _aजिवलग भेटी | ||
| 250 | _a1 | ||
| 260 |
_bमॅजेस्टिक प्रकाशन _c2004 |
||
| 300 | _a108 | ||
| 600 | _aपोटे सतेज | ||
| 630 | _aजिवलग भेटी | ||
| 700 | _aपोटे सतेज | ||
| 730 | _aजिवलग भेटी | ||
| 942 | _cBOOK | ||
| 999 |
_c75559 _d75559 |
||